000
00276nam a2200097Ia 4500
008
240331s9999 xx 000 0 und d
082
_b
BEY
100
_a
Oxaal, I. ed
245
0
_a
Beyond the sociology of development :
_b
economy and society in Latin America and Africa
942
_c
L
999
_c
2781
_d
2781